The Central excise Act 1944 (Record no. 6436)

MARC details
000 -LEADER
fixed length control field 00339nam a22001457a 4500
005 - DATE AND TIME OF LATEST TRANSACTION
control field 20210831145713.0
008 - FIXED-LENGTH DATA ELEMENTS--GENERAL INFORMATION
fixed length control field 200522b xxu||||| |||| 00| 0 eng d
041 ## - LANGUAGE CODE
Language code of text/sound track or separate title eng
082 ## - DEWEY DECIMAL CLASSIFICATION NUMBER
Classification number 340
245 ## - TITLE STATEMENT
Title The Central excise Act 1944
260 ## - PUBLICATION, DISTRIBUTION, ETC. (IMPRINT)
Place of publication Delhi
Name of publisher Professional Book Publishers
300 ## - PHYSICAL DESCRIPTION
Number of Pages 97p.
650 ## - SUBJECT ADDED ENTRY--TOPICAL TERM
Topical Term Law
942 ## - ADDED ENTRY ELEMENTS (KOHA)
Koha item type Books
Holdings
Lost status Damaged status Collection code Home library Current library Shelving location Date acquired Source of acquisition Cost, normal purchase price Full call number Accession Number Koha item type
    Reference JRU Library JRU Library SHELF- 66 C 03/06/2020 PURCHASE 130.00 340 23120 Books